[Event "Vasteras Open 2018"]
[Site "Vasteras"]
[Date "2018.09.29"]
[Round "6"]
[White "Lokander, Martin"]
[Black "Janse, Love"]
[Result "1-0"]
[WhiteElo "2384"]
[BlackElo "2214"]
[Annotator "TA"]
[PlyCount "77"]
[EventDate "2018.09.28"]
[EventCountry "SWE"]
[SourceTitle "playchess.com"]
[Source "ChessBase"]
[SourceQuality "1"]

{[%evp 11,77,41,43,27,22,18,29,30,79,75,100,97,92,97,130,124,136,64,69,66,56,63,115,83,72,62,81,28,28,29,76,34,114,96,193,57,58,6,12,14,32,31,89,18,70,52,116,91,93,92,75,40,29,0,125,125,160,164,137,164,164,165,162,163,169,147,368,370]} 1. d4 f5 2. Nc3 Nf6 3. Bg5 d5 4. f3 e6 5. e4 Be7 6. exf5 {A80: Dutch Defence: Unusual White second moves} (6. Qd2 O-O 7. O-O-O h6 8. Be3 fxe4 9. fxe4 Bb4 10. Bd3 dxe4 11. Bc4 Nc6 12. a3 Bxc3 13. Qxc3 {0-1 (32) Schenk,A (2491)-Pruijssers,R (2511) Germany 2015}) 6... exf5 {LiveBook: 5 Games} 7. Bd3 Nc6 8. Nge2 {[%cal Bg1e2,Be2f4,Bf4g6,Bg6e5][%mdl 32] The position is equal.} h6 $146 ({Predecessor:} 8... Nb4 9. Nf4 c6 10. Be2 b5 11. a4 bxa4 12. Nxa4 a5 {1-0 (29) Babarykin,S (2357)-Bindzus,E (1890) Lyon 2015}) 9. Be3 Be6 10. Nf4 Qd7 11. Ng6 Rg8 12. Bb5 Bf7 13. Ne5 Qe6 14. Ne2 (14. Qd2 $16) 14... g5 $14 15. Qd2 Nd7 16. Nxf7 Kxf7 (16... Qxf7 $14 17. O-O f4) 17. O-O-O a6 18. Bd3 Nb4 19. a3 ({Better is} 19. Rde1 $16) 19... Nxd3+ $11 20. Qxd3 Nb6 21. Kb1 Ke8 (21... f4 $14 22. Bf2 Nc4) 22. Rde1 $16 f4 {[#]} (22... Qg6 $16) 23. Bc1 (23. Ng3 $1 $18 {[%mdl 512] Bd2 is the strong threat.} Qg6 (23... fxg3 24. Bxg5) 24. Nf5) 23... Qg6 $14 24. g3 (24. Qb3 $14) 24... Qxd3 $11 25. cxd3 fxg3 26. hxg3 Rg6 {[#]} (26... Rh8 $14) 27. g4 (27. f4 $1 $16) 27... Kf7 ({Black should try} 27... Kd7 $1 $11) 28. Ng3 Rh8 (28... Re8 $14) 29. Nf5 Bf6 30. f4 {And now fxg5 would win.} Nc8 31. fxg5 hxg5 32. Rh5 c6 (32... Nd6 $11 {remains equal.}) 33. Reh1 $36 {[%mdl 2048] White is really pushing.} Re8 34. Rh7+ Bg7 35. R1h5 Re1 36. Kc2 ({Don't do} 36. Rxg7+ $6 Rxg7 37. Nxg7 Kxg7 $14) 36... Ne7 37. Bxg5 Ng8 38. Bd2 Rf1 $2 {[#]} (38... Rg1 $16 {was worth a try.}) 39. Rg5 $1 {Precision: White = 45%, Black = 32%.} 1-0

[Event "Vasteras Open 2018"]
[Site "Vasteras"]
[Date "2018.09.29"]
[Round "6"]
[White "Seo, Jung Min"]
[Black "Miezis, Normunds"]
[Result "1-0"]
[WhiteElo "2360"]
[BlackElo "2470"]
[Annotator "TA"]
[PlyCount "83"]
[EventDate "2018.09.28"]
[EventCountry "SWE"]
[SourceTitle "playchess.com"]
[Source "ChessBase"]
[SourceQuality "1"]

{[%evp 9,83,2,35,27,28,25,23,11,21,7,5,-3,0,-11,32,46,41,17,100,82,137,139,148,141,129,146,139,132,293,295,341,311,326,337,627,621,618,614,731,716,745,743,794,777,805,473,486,467,478,470,471,450,518,512,535,535,545,560,535,535,535,535,642,633,601,547,634,630,715,703,1839,1799,1607,1510,5106,5055]} 1. d4 Nf6 2. Nf3 e6 3. e3 b6 4. Bd3 Bb7 5. O-O g6 (5... c5 6. c4 Be7 7. Nc3 O-O 8. d5 exd5 9. cxd5 d6 10. e4 Nbd7 11. h3 Re8 12. Bf4 Bf8 13. Re1 a6 14. a4 Rc8 15. Qd2 c4 16. Bc2 Nc5 17. Rad1 g6 18. e5 dxe5 19. Bxe5 Bd6 20. Qd4 Bxe5 21. Nxe5 Nd3 22. Bxd3 cxd3 23. Rxd3 {1-0 (37) Dominguez Perez,L (2739)-Vachier Lagrave,M (2779) chess.com INT 2018}) 6. Nbd2 {A47: 1 d4 Nf6 2 Nf3 b6: Torre, London and Colle Systems} d5 7. b3 Nbd7 8. a4 $146 {White has an edge.} ({Predecessor:} 8. Bb2 Bg7 9. Ne5 Nxe5 10. dxe5 Nd7 11. f4 f6 12. Qg4 Qe7 13. exf6 Bxf6 14. Bxf6 Nxf6 {½-½ (41) Rakhmanov,A (2579)-Tunik,G (2427) Voronezh 2011}) 8... Bg7 9. Ba3 c5 10. c4 O-O 11. b4 {[%cal Rb4c5]} Ne4 12. bxc5 bxc5 13. Rc1 Qa5 (13... Nxd2 $11 14. Nxd2 (14. Qxd2 dxc4 15. Rxc4 Bxf3 $14) 14... cxd4) 14. cxd5 $16 exd5 {[#]} (14... Nxd2 $142 15. Qxd2 (15. Nxd2 Bxd5 16. Bxc5 Rfc8 $16) 15... Qxd2 16. Nxd2 Bxd5) 15. Bb5 $1 {[%cal Rb5d7]} Nc3 16. Nb3 Qxb5 17. axb5 Nxd1 18. Rfxd1 Rfb8 $2 {[#]} (18... c4 $16) 19. dxc5 $18 Ba6 20. c6 ({Don't take} 20. bxa6 Rxb3 21. c6 (21. Rxd5 Nf8 $17) 21... Nb6 $18) (20. Rxd5 Bxb5 21. Nbd4 Nf6 $18) 20... Bxb5 21. cxd7 Ba4 $2 (21... Bxd7 22. Nc5 (22. Rxd5 Rxb3 23. Rxd7 Rxa3 $11) 22... Bg4 23. Rxd5 Rd8) 22. Bd6 {White is clearly winning.} Rd8 23. Nc5 Bxd1 24. Rxd1 Bf8 25. Bxf8 Kxf8 26. Ne5 Kg7 27. Nc6 Rdc8 28. dxc8=Q ({Don't play} 28. dxc8=B Rxc8 29. g3 Rxc6 $18) 28... Rxc8 29. Rxd5 Rxc6 {[%mdl 4096] Endgame KRN-KR} 30. Kf1 Rb6 31. Rd7 a5 32. Ra7 Rb5 33. Ne4 Rd5 34. Ke2 h6 35. Nd2 g5 36. Nc4 Rc5 37. Nxa5 Rc2+ 38. Kf3 Kg6 39. g4 f6 40. Nb3 h5 41. h3 {[%cal Bh2h3,Bh3g4][%mdl 32]} hxg4+ 42. hxg4 {Precision: White = 61%, Black = 22%.} 1-0

[Event "Vasteras Open 2018"]
[Site "Vasteras"]
[Date "2018.09.29"]
[Round "6"]
[White "Kucuksari, Kaan"]
[Black "Sorensen, Hampus"]
[Result "1-0"]
[WhiteElo "2327"]
[BlackElo "2192"]
[Annotator "TA"]
[PlyCount "100"]
[EventDate "2018.09.28"]
[EventCountry "SWE"]
[SourceTitle "playchess.com"]
[Source "ChessBase"]
[SourceQuality "1"]

{[%evp 18,100,29,19,33,25,31,39,37,22,64,53,65,52,53,46,58,57,76,60,70,60,56,64,63,62,62,62,89,87,88,91,91,88,110,111,111,106,83,84,102,100,105,106,93,61,111,62,89,91,100,101,157,157,157,160,265,209,788,800,718,718,701,533,29984,29985,29971,29972,29972,29971,29971,0,29972,29973,29972,29971,29971,29972,29986,29987,29989,29990,29993,29989,29997]} 1. d4 d5 2. Nf3 Nf6 3. c4 e6 4. g3 Bb4+ 5. Bd2 Bd6 (5... Be7 6. Bg2 O-O 7. O-O Nbd7 8. b4 c6 9. a4 Bd6 10. Qc2 e5 11. cxd5 cxd5 12. dxe5 Nxe5 13. Bc3 Re8 14. Nbd2 Nxf3+ 15. Bxf3 Bh3 {½-½ (58) So,W (2778)-Karjakin,S (2782) Stavanger 2018}) 6. Bg2 {E01: Catalan: Early deviations} O-O 7. O-O Nbd7 8. c5 Be7 9. Nc3 c6 10. b4 {LiveBook: 4 Games} Ne4 11. Nxe4 dxe4 12. Ne5 Nxe5 13. dxe5 Qd4 $146 14. Qc2 Qxe5 15. Bc3 Qh5 16. Qxe4 Rd8 17. Rfd1 Bd7 18. Be5 {Threatens to win with Bc7.} Be8 19. f4 Rxd1+ 20. Rxd1 a5 21. a3 $1 axb4 22. axb4 Ra2 23. Bf3 Qg6 24. Qd4 Qc2 25. Ra1 (25. Bxg7 f6 $14) 25... Rxa1+ 26. Qxa1 f6 27. Bd6 Bxd6 28. cxd6 Kf8 29. Qd4 Bd7 30. Kf2 $36 {[%mdl 2048] White is really pushing.} Qa2 31. g4 (31. Be4 {is interesting.} Kf7 32. Qb6 Qa8 33. h4 f5 34. Bf3) 31... Qa8 32. e4 h6 33. e5 fxe5 34. fxe5 Qd8 ({Black should play} 34... Qa2+ 35. Be2 Ke8) 35. Kg3 $16 Qg5 36. h4 {[%cal Bh2h4,Bh4h5,Bh5g6][%mdl 32]} Qd8 (36... Qc1 $16 37. Qf4+ Qxf4+ 38. Kxf4 Ke8) 37. Be4 Qa8 $2 (37... g5 38. h5 Kg8) 38. Qf2+ $18 Kg8 39. Bg6 {[#] Threatening mate with Qf7+.} Be8 40. h5 Bxg6 41. hxg6 {[%mdl 4096] Endgame KQ-KQ} Qe8 42. Qd4 Qd7 43. Qb6 Qe8 44. Qd4 Qd7 45. Qa7 {White mates.} Kf8 46. Qf2+ Kg8 47. Qd2 Kf8 48. g5 {[%cal Bg4g5,Bg5h6][%mdl 32]} b5 49. gxh6 Qa7 50. Qf2+ Ke8 {Precision: White = 66%, Black = 55%.} 1-0

[Event "Vasteras Open 2018"]
[Site "Vasteras"]
[Date "2018.09.29"]
[Round "6"]
[White "Malmstig, Erik"]
[Black "Kruse, Janik"]
[Result "1-0"]
[WhiteElo "2309"]
[BlackElo "2102"]
[Annotator "TA"]
[PlyCount "80"]
[EventDate "2018.09.28"]
[EventCountry "SWE"]
[SourceTitle "playchess.com"]
[Source "ChessBase"]
[SourceQuality "1"]

{[%evp 12,80,0,-31,-19,-33,-31,-33,-32,-39,-16,-20,11,18,13,0,0,1,38,0,22,9,14,-44,-34,-46,0,-81,0,0,0,0,0,-20,0,0,0,-27,-27,-50,-46,-49,-50,-41,-41,-54,-54,-101,-76,-139,-137,-140,-115,-168,0,-149,-141,-176,-158,-168,-140,-143,-145,-139,-115,-117,-95,-109,0,-77,-68]} 1. c4 e5 2. Nc3 Nf6 3. e3 d5 4. cxd5 Nxd5 5. Qb3 (5. Qc2 Nxc3 6. bxc3 Bd6 7. Bd3 Nd7 8. Ne2 Nc5 9. Bc4 e4 10. Ba3 Nd3+ 11. Bxd3 exd3 12. Qa4+ Bd7 {0-1 (31) Antipov,M (2588)-Predke,A (2601) Moscow 2017}) 5... Nxc3 6. bxc3 {A22: English Opening: 1...e5 2 Nc3 Nf6} Bd6 7. e4 $146 {LiveBook: 7 Games} ({Predecessor:} 7. d4 exd4 8. cxd4 O-O 9. Nf3 Nd7 10. Bd3 c5 11. Bb2 cxd4 12. exd4 Nf6 {½-½ (12) Vavra,P (2390)-Bartos,J (2157) Ostrava 2017}) 7... c5 8. Nf3 {The position is equal.} O-O 9. Be2 Nc6 10. d3 Qa5 11. O-O c4 12. dxc4 Qc7 13. Ba3 Bxa3 14. Qxa3 Na5 15. Rab1 Nxc4 16. Bxc4 Qxc4 17. Rb4 (17. Nxe5 $11 Qxe4 18. Rfe1) 17... Qc7 $15 18. Rfb1 b6 19. Rb5 (19. Rxb6 $1 $11 axb6 20. Qxa8) 19... Re8 ({Black should try} 19... Be6 $17) 20. Rxb6 $1 $11 axb6 21. Qxa8 Qxc3 22. Qd5 Be6 23. Qb5 {[%cal Rb5e8] [#]} Rc8 $36 {[%mdl 2048] Black fights for an advantage.} 24. Re1 Qc5 25. Qb2 f6 26. a3 Ra8 27. Re3 Ra4 28. Rc3 Qd6 {[#] ( -> ...Qd1+)} 29. Qc1 b5 30. h3 (30. Qb1 $142) 30... Rxe4 $17 31. Rc6 Qd7 32. Rc7 (32. Rb6 $17) 32... Qd6 33. Rc6 $1 {[%cal Rc6d6]} Qd5 34. Rc5 Rc4 35. Rxc4 Qxc4 36. Qb2 Qb3 37. Qc1 Bc4 38. Nd2 Qd3 39. a4 g6 ({Black should play} 39... h5 $17 40. f3 Bd5 41. axb5 Qxb5) 40. Kh2 (40. a5 $1 $11 {keeps the balance.}) 40... Qd4 {[%mdl 32768] Precision: White = 27%, Black = 51%. . Loss on Time!?} 1-0

[Event "Vasteras Open 2018"]
[Site "Vasteras"]
[Date "2018.09.29"]
[Round "6"]
[White "Ornstein, Axel"]
[Black "Harren, Mats"]
[Result "1-0"]
[WhiteElo "2306"]
[BlackElo "2097"]
[Annotator "TA"]
[PlyCount "87"]
[EventDate "2018.09.28"]
[EventCountry "SWE"]
[SourceTitle "playchess.com"]
[Source "ChessBase"]
[SourceQuality "1"]

{[%evp 30,87,23,16,62,17,95,99,510,63,488,487,797,802,777,770,789,804,739,777,731,586,570,571,666,665,633,416,391,361,488,488,508,500,489,514,618,620,573,483,612,621,679,662,895,873,834,824,808,801,1212,864,29982,29971,29987,29988,29988,29949,29989,29988]} 1. e4 e5 2. Nf3 Nc6 3. Bb5 a6 4. Ba4 Nf6 5. O-O Be7 6. Re1 b5 7. Bb3 d6 8. c3 O-O 9. h3 Bb7 10. d4 Nd7 11. Nbd2 {[%cal Bb1d2,Bd2f1,Bf1e3,Be3g4][%mdl 32]} Re8 {C92: Closed Ruy Lopez: 9...Be6, Karpov and Flohr-Zaitsev Variations} 12. Nf1 exd4 13. cxd4 Na5 14. Bc2 c5 (14... Bf6 15. Ne3 Bxe4 16. Bd2 Bxc2 17. Qxc2 Nc4 18. Nxc4 Rxe1+ 19. Rxe1 bxc4 20. Qxc4 {½-½ (60) Shankland,S (2671)-Bu,X (2725) Liaocheng 2018}) 15. Ne3 cxd4 16. Nxd4 {LiveBook: 8 Games} Bf6 17. Ng4 {[#]} Rc8 $146 (17... Bxd4 $1 $11 18. Qxd4 Rc8) ({Predecessor:} 17... Bxd4 18. Qxd4 Rc8 19. Qd1 {½-½ (31) Sevian,S (2615)-Liang,A (2554) Saint Louis 2017}) 18. Nf5 $16 Be7 $2 {[%mdl 8192] [#]} (18... Nc4 $16 {is a better chance.}) 19. Bf4 $2 (19. Ngh6+ $1 $18 {[%mdl 512]} Kf8 {[#]} (19... gxh6 20. Qg4+) 20. Nxg7 $1 {[%mdl 512]} (20. Nxd6 Bxd6 21. Qxd6+ Qe7 $16) 20... Rxc2 21. Nhf5 Rxc1 22. Rxc1) 19... Nc4 $2 {[%mdl 8192] [#]} (19... Ne5 $1 $14) 20. Ngh6+ $1 $18 {[%mdl 512]} gxh6 (20... Kf8 $142 21. Nxg7 Bg5) 21. Qg4+ Bg5 22. Nxh6+ Kg7 23. Bxg5 Nce5 24. Qg3 ({Less strong is} 24. Bxd8+ Nxg4 25. Nf5+ (25. hxg4 $2 Kxh6 26. Rad1 Rexd8 $19) (25. Nxg4 Rcxd8 26. Rad1 Nf6 $16) 25... Kf8 $18) 24... f6 25. Bf4+ Kh8 26. Bb3 Re7 27. Nf5 Nc5 28. Nxe7 Qxe7 29. Bxe5 dxe5 30. Bd5 Bxd5 31. exd5 Rg8 32. Qe3 Qg7 {[%csl Gg8][%cal Rg7g2]} 33. g3 Nd7 34. Qe4 Qf7 35. Qf5 Rg5 36. Qe6 Qg7 37. Qe8+ Nf8 38. Re3 h5 39. h4 Rg6 40. d6 {[%cal Bd5d6,Bd6d7][%mdl 32]} Kh7 41. Rc1 {White mates.} Kh6 42. Rc7 Qg8 43. d7 Ne6 44. Rc8 {Precision: White = 67%, Black = 22%.} 1-0

[Event "Vasteras Open 2018"]
[Site "Vasteras"]
[Date "2018.09.29"]
[Round "6"]
[White "Glimbrant, Torbjorn"]
[Black "Blomstrom, Lars"]
[Result "1-0"]
[WhiteElo "2261"]
[BlackElo "2166"]
[Annotator "TA"]
[PlyCount "75"]
[EventDate "2018.09.28"]
[EventCountry "SWE"]
[SourceTitle "playchess.com"]
[Source "ChessBase"]
[SourceQuality "1"]

{[%evp 23,75,100,103,65,77,87,72,62,102,83,102,87,87,65,108,106,112,117,136,54,48,31,45,50,44,8,26,-10,0,0,48,47,62,62,64,85,71,90,173,166,189,166,288,288,266,277,262,293,423,296,384,402,404,384]} 1. d4 {Chekhov,V} Nf6 2. c4 g6 3. Nc3 Bg7 4. e4 d6 5. Nf3 O-O 6. Be2 Nbd7 7. O-O e5 8. Re1 c6 9. Bf1 Re8 10. d5 c5 11. a3 Rf8 12. b4 b6 {LiveBook: 3 Partien. E95: Königsindisch (Klassisches System)} (12... Ne8 13. Bg5 f6 14. Bd2 Qe7 15. Rb1 Nc7 16. g3 Na6 17. Nh4 f5 18. exf5 gxf5 19. Bd3 Nb6 20. f3 {1-0 (35) Rohacek,M (2272)-Lanc,A (2344) Slovakia 2015}) 13. Rb1 Ne8 14. Bg5 $146 ({Vorgänger:} 14. g3 f5 15. Ng5 Ndf6 16. Bh3 Nc7 17. bxc5 bxc5 18. exf5 gxf5 19. Nb5 Nxb5 20. cxb5 {½-½ (41) Taimanov,M-Uhlmann,W Moscow (Russia) 1956 MCL [Chekhov,V]}) 14... f6 {Weiß steht besser.} 15. Bd2 Rf7 16. g3 Nf8 17. bxc5 bxc5 18. Qc2 h6 19. Nh4 f5 20. exf5 gxf5 21. f4 (21. Be2 $16) 21... e4 $14 22. Bh3 Bd4+ 23. Kh1 Qf6 24. Nd1 Ng6 25. Nxg6 Qxg6 26. Ne3 {[%cal Bd1e3,Be3g2,Bg2h4][%mdl 32]} h5 27. Ng2 Nf6 28. Nh4 Qh7 29. Qa4 $1 {[%cal Ra4c6]} Bd7 30. Qa6 e3 (30... Ng4 $16 {war einen Versuch wert.}) 31. Bxe3 $18 Ne4 {[#]} 32. Bg2 $1 {zielt auf Lxe4 ab.} Re8 (32... Bc3 $142) 33. Bxe4 ({Nicht} 33. Qxa7 Bxe3 34. Rxe3 Nf2+ 35. Kg1 Rxe3 $14) 33... fxe4 34. Qxd6 Rf6 35. Qc7 Rf7 (35... Bh3 {ist wohl besser.} 36. Qa5 Rf7 37. Bxd4 cxd4) 36. Rb8 Rxb8 37. Qxb8+ Rf8 38. Qd6 {Precision: Weiß = 45%, Schwarz = 46%.} 1-0

[Event "Vasteras Open 2018"]
[Site "Vasteras"]
[Date "2018.09.29"]
[Round "6"]
[White "Larsson, Anders"]
[Black "Krupenski, Juri"]
[Result "1/2-1/2"]
[WhiteElo "2238"]
[BlackElo "2402"]
[Annotator "TA"]
[PlyCount "80"]
[EventDate "2018.09.28"]
[EventCountry "SWE"]
[SourceTitle "playchess.com"]
[Source "ChessBase"]
[SourceQuality "1"]

{[%evp 11,80,0,10,-2,0,0,0,-6,-2,-6,0,-40,-28,-32,-28,-31,-16,-75,-2,-28,-17,-63,-67,-62,-62,-65,-64,-95,-100,-80,-84,-105,-102,-113,-110,-127,-129,-127,-126,-135,-131,-155,-155,-147,-139,-157,-143,-166,-165,-175,-156,-199,-204,-185,-139,-159,0,0,0,0,0,0,0,0,0,0,0,0,0,0,0]} 1. d4 Nf6 2. Nf3 e6 3. Bg5 h6 4. Bxf6 Qxf6 5. e4 d6 6. Nc3 g5 7. h3 {A46: 1 d4 Nf6 2 Nf3 e6: Torre, London and Colle Systems} (7. e5 dxe5 8. Nxe5 Bg7 9. Be2 Nd7 10. Nb5 Qd8 11. Nxd7 Bxd7 12. c3 O-O 13. O-O Qc8 14. Kh1 Rd8 15. f4 gxf4 16. Rxf4 {0-1 (36) Wantola,I (2315)-Fedorchuk,S (2623) Leiden 2017}) 7... Bg7 8. Qd2 a6 9. O-O-O Nc6 10. Kb1 Bd7 11. e5 $146 ({Predecessor:} 11. Ne2 Qe7 12. c3 O-O-O 13. Nc1 f5 14. Bd3 fxe4 15. Bxe4 {0-1 (111) Dunworth,C (2245)-Britton,R (2300) London 1994}) 11... dxe5 12. dxe5 Qe7 13. Qe3 O-O-O 14. Ne4 (14. a3 $11 {keeps the balance.}) 14... Nb8 (14... Bxe5 $17 15. Nxe5 Nxe5) 15. Be2 Bc6 16. Ng3 Rxd1+ 17. Rxd1 Rd8 18. Rxd8+ Qxd8 19. Nh5 Bh8 20. h4 {[%cal Rh4g5]} Bxf3 21. Bxf3 Nd7 22. hxg5 hxg5 23. Nf6 Bxf6 24. exf6 Qxf6 25. a3 Qe5 26. Qxe5 Nxe5 $17 {[%mdl 4096] Endgame KB-KN} 27. Be2 Kd7 28. Kc1 Kd6 29. Kd2 Kd5 30. c3 c5 31. b3 f5 {[%cal Bf7f5,Bf5f4][%mdl 32]} 32. Ke3 f4+ 33. Kd2 b6 $2 {[#]} (33... c4 $17 34. b4 g4) 34. Bxa6 $11 {The position is equal.} c4 35. b4 Nd3 36. Bb7+ Kd6 37. Ke2 Nc1+ 38. Kd2 Nd3 39. Ke2 Nc1+ 40. Kd2 Nd3 {Precision: White = 41%, Black = 87%.} 1/2-1/2

[Event "Vasteras Open 2018"]
[Site "Vasteras"]
[Date "2018.09.29"]
[Round "6"]
[White "Rahul Kumar, Pune"]
[Black "Livner, Anders"]
[Result "1/2-1/2"]
[WhiteElo "2190"]
[BlackElo "2372"]
[Annotator "TA"]
[PlyCount "71"]
[EventDate "2018.09.28"]
[EventCountry "SWE"]
[SourceTitle "playchess.com"]
[Source "ChessBase"]
[SourceQuality "1"]

{[%evp 20,71,22,8,22,-11,-5,-16,-11,-17,-16,-8,-8,-8,-8,-8,-5,-6,-6,-16,-18,-9,0,-1,0,0,0,0,0,0,0,0,31,39,24,0,0,4,9,0,8,0,52,50,80,15,20,14,11,0,0,0,16,0]} 1. d4 d5 2. Bf4 Nf6 3. e3 c5 4. c3 Nc6 5. Nf3 Qb6 6. Qb3 c4 7. Qc2 Bf5 8. Qc1 h6 {D02: 1 d4 d5 2 Nf3 sidelines, including 2...Nf6 3 g3 and 2...Nf6 3 Bf4} 9. Be2 (9. h3 e6 10. Nbd2 Be7 11. Be2 Qd8 12. Ne5 Nxe5 13. Bxe5 O-O 14. O-O b5 15. Re1 Ne4 16. Bf3 Ng5 17. Bd1 {½-½ (36) Stupak,K (2573)-Gelfand,B (2729) Tbilisi 2017}) 9... e6 10. Nbd2 Qd8 11. O-O {LiveBook: 7 Games} b5 12. Re1 Be7 13. Ne5 Nxe5 14. Bxe5 O-O 15. Bxf6 $146 ({Predecessor:} 15. Bf3 Bd3 16. e4 Nh7 17. exd5 exd5 {1-0 (31) Dos Santos,R (2432)-Lopez,R (2090) Buenos Aires 2014}) 15... Bxf6 16. Bf3 Bd3 17. e4 {[#]} b4 $1 {[%mdl 512]} 18. exd5 (18. cxb4 Bxd4) 18... exd5 19. Nf1 bxc3 20. bxc3 Qa5 21. Ne3 Rfd8 22. g3 Bg5 23. h4 Bxe3 24. Rxe3 Rab8 25. Re5 Kf8 26. Kg2 f6 27. Re1 Rb7 28. Re6 Bf5 29. Re1 Bg6 30. Re6 Bf7 (30... Bf5 $11 31. Rc6 Rc7 32. Rxc7 Qxc7) 31. Rc6 $14 Rb5 32. g4 ({White should try} 32. Rb1 $16) 32... Be8 {The position is equal.} 33. Re6 Bf7 $1 {[%cal Rf7e6]} 34. Rc6 Be8 35. Re6 Bf7 $1 {[%cal Rf7e6]} 36. Rc6 {Precision: White = 52%, Black = 54%.} 1/2-1/2

[Event "Vasteras Open 2018"]
[Site "Vasteras"]
[Date "2018.09.29"]
[Round "6"]
[White "Tiger-Norqvist, Axel"]
[Black "Pantzar, Milton"]
[Result "1-0"]
[WhiteElo "2175"]
[BlackElo "2300"]
[Annotator "TA"]
[PlyCount "99"]
[EventDate "2018.09.28"]
[EventCountry "SWE"]
[SourceTitle "playchess.com"]
[Source "ChessBase"]
[SourceQuality "1"]

{[%evp 9,99,24,68,39,34,5,25,4,4,-9,2,-2,0,2,25,-29,-29,-26,-28,-24,11,0,7,-31,15,13,13,0,0,-45,0,0,37,-78,33,-242,-191,-388,-109,-145,-155,-210,-191,-197,-150,-211,0,0,0,0,0,-144,-147,-126,0,82,94,41,377,380,1034,1020,2522,2408,2174,1686,6344,6344,6307,6299,6291,6313,6306,6299,2360,1640,6299,6279,6202,5322,29988,29980,29983,29984,29984,29985,29985,29986,29986,29987,29987,29988]} 1. e4 Nc6 2. d4 d5 3. e5 Bf5 4. c3 e6 5. Nf3 Nge7 {LiveBook: 8 Games} 6. Nbd2 {B00: Queen's Fianchetto Defence, Nimzowitsch Defence} Ng6 7. h4 h5 $1 8. Nb3 $146 {White has an edge.} ({Predecessor:} 8. g3 Qd7 9. Qb3 Na5 10. Qb5 Qxb5 11. Bxb5+ c6 12. Be2 b5 13. b4 Nc4 {½-½ (45) Martinez,C-Cuartas,C (2425) Bogota 1976}) 8... f6 {[%cal Rf6e5]} 9. exf6 gxf6 10. Bd3 Bxd3 11. Qxd3 Rg8 12. g3 (12. Ng1 $142 $1) 12... Qd7 $11 13. Be3 O-O-O 14. O-O-O e5 15. Qe2 e4 16. Ng1 a5 17. Qxh5 a4 18. Nd2 a3 19. Nb3 axb2+ 20. Kxb2 Na7 21. Qe2 (21. Ne2 $1 $14 {stays ahead.}) 21... Qa4 (21... Nb5 $17) 22. Ra1 $2 {[%mdl 8192]} (22. Ka1 $14) 22... Nb5 {[%mdl 1024] Black has strong compensation.} 23. Kc2 $2 {[#]} (23. Rf1 {keeps fighting.}) 23... Rd6 $2 (23... Ne5 $1 $19 {[%mdl 512] and Black stays clearly on top.} 24. dxe5 d4 25. cxd4 fxe5) 24. Kd2 $17 Rc6 25. Qg4+ (25. Ke1 $17) 25... Kb8 $19 26. Ne2 Qc4 27. Ke1 ({Not} 27. Na5 $2 Qd3+ 28. Ke1 Rxc3 $19) (27. Rac1 $17 Ba3 28. Ke1) 27... Ra6 $2 (27... f5 $1 $19 {[%cal Rf5g4]} 28. Qg5 Nxc3 29. Nxc3 Be7 30. Qxf5 Bb4) 28. h5 $36 {[%mdl 2048] And now Nd2 would win. Black is under pressure.} Ne7 29. Qd7 {Strongly threatening Bd2.} Nxc3 30. Nxc3 (30. Nf4 $1 $11 {was the only way to keep the balance.}) 30... Qxc3+ $17 31. Kf1 {[#] Hoping for Rc1.} Qd3+ $2 (31... Rxg3 $1 $17 {[%mdl 512] stays on course. ...Qd3+ is the strong threat.} 32. Qe8+ (32. fxg3 Qxe3) 32... Nc8 33. Qxf8 Qd3+ 34. Ke1 Rxe3+ 35. fxe3 Qxe3+ 36. Kf1 Qf3+ 37. Kg1 Qg3+ 38. Kf1 Rc6) 32. Kg2 $1 $16 Qe2 {[#] White must now prevent ...Qf3+.} 33. Nd2 (33. Nc5 $1 $16 Bh6 34. Nxa6+ (34. Bxh6 Qf3+ 35. Kg1 Rxg3+ 36. fxg3 Qxg3+ 37. Kf1 Qf3+ 38. Kg1 Qg3+ 39. Kf1 Qf3+ 40. Kg1 Qg3+ $11) 34... Ka7 35. Rhf1 (35. Bxh6 Rxg3+ 36. Kxg3 Qf3+ 37. Kh2 Qxf2+ 38. Kh3 Qf3+ 39. Kh2 Qf2+ 40. Kh3 Qf3+ 41. Kh4 Qf2+ 42. Kg4 Qg2+ 43. Kh4 Qf2+ 44. Kh3 $11) (35. Qxe7 Qf3+ 36. Kh2 Bxe3 $11) (35. Qxc7 Bxe3 36. Qc5+ Ka8 $11) 35... Qf3+ 36. Kh2) 33... Ra3 $2 {[%mdl 8192] [#]} ({Black should try} 33... Rd6 $1 $14 34. Qe8+ Nc8) 34. Bf4 $1 $18 Rc3 $2 (34... Raxg3+ 35. Bxg3 Rxg3+ 36. Kxg3 Qxd2) 35. Rhc1 Qd3 36. Bxc7+ Rxc7 37. Qxc7+ Ka7 38. Rab1 {[%csl Gb1][%cal Rc7b7]} Qa6 39. Qc5+ Ka8 40. Rb6 Qa7 41. Qb5 {Rc7 would kill now.} Bh6 42. Rc7 {[%cal Rc7b7,Bc1c7,Bc7e7,Be7e6][%mdl 32]} Rb8 43. Rxe7 Bxd2 44. Ree6 e3 45. fxe3 {White mates.} Ba5 46. Rxb7 Rxb7 47. Re8+ Rb8 48. Rxb8+ Qxb8 49. Qxa5+ Kb7 50. Qb5+ {Precision: White = 49%, Black = 41%.} 1-0